| 000 | 00634nam a2200229Ia 4500 | ||
|---|---|---|---|
| 003 | OSt | ||
| 005 | 20250809133907.0 | ||
| 008 | 210423s2007 xx 000 0 und d | ||
| 020 | _a9788184500028 | ||
| 040 | _cAL | ||
| 041 | _aEnglish | ||
| 082 |
_a320.5 _bGOEG |
||
| 100 |
_aGoel S L _9118318 |
||
| 245 |
_aGood governance _b: integral approach |
||
| 260 |
_aNew Delhi _bDeep and deep publication _c2007 |
||
| 365 |
_b480 _cINR |
||
| 650 |
_aPolitical Ideologies _9118319 |
||
| 650 |
_aPolitical Science _9118320 |
||
| 700 |
_aChaturvedi T N _9234931 |
||
| 906 | _aapproach ; Good ; governance: ; integral | ||
| 942 |
_2ddc _cBK |
||
| 999 |
_c175573 _d175573 |
||